00635nam a2200181Ia 4500008004100000020001800041041000800059082001700067100001500084245006100099260001800160300000800178365001600186700001500202906005200217999001900269952016500288230718s9999 xx 000 0 und d a9788131790250 aeng a372.126bSIN aSinha N.K. aCSAT Paper II Numerical Aptitude And Data Interpretation c2013bPearson a377 cRs.b280.00 aSinha N.K. dO:0391105-Jun-2014B:62411-Apr-2014cGENRLb64.4 c336334d336334 00104070aCCEPbCCEPd2014-06-05eVaibhav Book HousefGENRLg215.60i624l0o372.126pCCEP-BK-47541r2023-07-18 00:00:00t64.4v280.00w2014-04-11yBKz047541